00725cam a22002297a 4500003000500000005001700005008004100022010001000063011001000073035001000083040000900093082001400102100002400116245015200140260003800292300002000330650002700350650004400377650002100421650003400442700001900476CHAP20220329135945.0971013s1968 r 00010 d a44709 a45681 a49820 cCHAP a630.9bU200aUcko, Peter J.eed.14aThe domestication and exploitation of plants and animalsb: proceedings of a meeting of the Research Seminar in Archaeology and Related Subjects... aLondon :bGerald Duckworth,c1968 a581 p.b: ilus.14aAgriculturaxHistoria.14aAnimales domesticosxHistoria y origen.14aDomesticación.14aPlantas cultivadasxHistoria.0 aDimbleby, G.W.